| 000 | 00436nam a2200157Ia 4500 | ||
|---|---|---|---|
| 008 | 240729s9999 xx 000 0 und d | ||
| 022 | _a2542-4548 | ||
| 245 | 0 | _aMayo Clinic Proceedings: Innovations, Quality & Outcomes | |
| 260 | _aUnited States | ||
| 260 | _bElsevier | ||
| 650 | _a Medicine (General) | ||
| 650 | _aMedicine | ||
| 856 | _uhttps://doaj.org/toc/f7d11a0c0964415c9ea85992cfc7b0f2 | ||
| 942 | _2ddc | ||
| 942 | _cDOAJEJ | ||
| 999 |
_c70268 _d70268 |
||
| 945 |
_a1 _bMadushi Gamage _c1 _dMadushi Gamage |
||